<?xml version="1.0" encoding="UTF-8"?>
<record
    xmlns:xsi="http://www.w3.org/2001/XMLSchema-instance"
    xsi:schemaLocation="http://www.loc.gov/MARC21/slim http://www.loc.gov/standards/marcxml/schema/MARC21slim.xsd"
    xmlns="http://www.loc.gov/MARC21/slim">

  <leader>00848nam a2200181Ia 4500</leader>
  <controlfield tag="008">151202s9999||||xx |||||||||||||| ||und||</controlfield>
  <datafield tag="082" ind1=" " ind2=" ">
    <subfield code="b">PNVM-82411</subfield>
  </datafield>
  <datafield tag="100" ind1=" " ind2=" ">
    <subfield code="a">&#x92D;&#x91F; &#x905;&#x936;&#x94B;&#x915;.</subfield>
  </datafield>
  <datafield tag="245" ind1=" " ind2=" ">
    <subfield code="a">&#x924;&#x93E;&#x924;&#x94D;&#x92F;&#x93E;&#x938;&#x93E;&#x939;&#x947;&#x947;&#x92C; &#x917;&#x94B;&#x921;&#x938;&#x947; &#x935;&#x94D;&#x92F;&#x915;&#x94D;&#x924;&#x93F; &#x915;&#x93E;&#x933; &#x915;&#x930;&#x94D;&#x924;&#x943;&#x924;&#x94D;&#x935;.</subfield>
  </datafield>
  <datafield tag="260" ind1=" " ind2=" ">
    <subfield code="b">"&#x936;&#x94D;&#x930;&#x940;&#x92E;&#x902;&#x924; &#x926;&#x917;&#x921;&#x942;&#x936;&#x947;&#x920; &#x939;&#x932;&#x935;&#x93E;&#x908; &#x938;&#x93E;&#x930;&#x94D;&#x935;&#x91C;&#x928;&#x93F;&#x915; &#x917;&#x923;&#x92A;&#x924;&#x940; &#x91F;&#x94D;&#x930;&#x938;&#x94D;&#x91F;,&#x92A;&#x941;&#x923;&#x947;."</subfield>
  </datafield>
  <datafield tag="260" ind1=" " ind2=" ">
    <subfield code="c">2013</subfield>
  </datafield>
  <datafield tag="300" ind1=" " ind2=" ">
    <subfield code="a">127</subfield>
  </datafield>
  <datafield tag="600" ind1=" " ind2=" ">
    <subfield code="a">&#x92D;&#x91F; &#x905;&#x936;&#x94B;&#x915;.</subfield>
  </datafield>
  <datafield tag="630" ind1=" " ind2=" ">
    <subfield code="a">&#x924;&#x93E;&#x924;&#x94D;&#x92F;&#x93E;&#x938;&#x93E;&#x939;&#x947;&#x947;&#x92C; &#x917;&#x94B;&#x921;&#x938;&#x947; &#x935;&#x94D;&#x92F;&#x915;&#x94D;&#x924;&#x93F; &#x915;&#x93E;&#x933; &#x915;&#x930;&#x94D;&#x924;&#x943;&#x924;&#x94D;&#x935;.</subfield>
  </datafield>
  <datafield tag="700" ind1=" " ind2=" ">
    <subfield code="a">&#x92D;&#x91F; &#x905;&#x936;&#x94B;&#x915;.</subfield>
  </datafield>
  <datafield tag="730" ind1=" " ind2=" ">
    <subfield code="a">&#x924;&#x93E;&#x924;&#x94D;&#x92F;&#x93E;&#x938;&#x93E;&#x939;&#x947;&#x947;&#x92C; &#x917;&#x94B;&#x921;&#x938;&#x947; &#x935;&#x94D;&#x92F;&#x915;&#x94D;&#x924;&#x93F; &#x915;&#x93E;&#x933; &#x915;&#x930;&#x94D;&#x924;&#x943;&#x924;&#x94D;&#x935;.</subfield>
  </datafield>
  <datafield tag="942" ind1=" " ind2=" ">
    <subfield code="c">BOOK</subfield>
  </datafield>
  <datafield tag="999" ind1=" " ind2=" ">
    <subfield code="c">1347019</subfield>
    <subfield code="d">1347016</subfield>
  </datafield>
  <datafield tag="952" ind1=" " ind2=" ">
    <subfield code="0">0</subfield>
    <subfield code="1">0</subfield>
    <subfield code="4">0</subfield>
    <subfield code="7">0</subfield>
    <subfield code="a">PNVM</subfield>
    <subfield code="b">PNVM</subfield>
    <subfield code="d">2015-06-21</subfield>
    <subfield code="g">0.00</subfield>
    <subfield code="l">0</subfield>
    <subfield code="o">PNVM-82411</subfield>
    <subfield code="p">PNVM-82411</subfield>
    <subfield code="r">2015-12-02 00:00:00</subfield>
    <subfield code="v">0.00</subfield>
    <subfield code="w">2015-12-02</subfield>
    <subfield code="y">BOOK</subfield>
  </datafield>
</record>
